[Event "Scarborough CC Spring Into Summer U1700"]
[Site "Toronto CAN"]
[Date "2011.05.12"]
[Round "2"]
[White "Kaneshalingam, Mathanhe"]
[Black "Ming, Wenyang"]
[Result "0-1"]
[WhiteElo "856"]
[BlackElo "1209"]
[PlyCount "96"]
[GameId "2160767909704793"]
[EventDate "2011.04.28"]
[EventType "swiss"]
[EventRounds "9"]
[EventCountry "CAN"]
[SourceTitle "EXT 2022"]
[Source "ChessBase"]
[SourceDate "2021.10.06"]
[SourceVersion "1"]
[SourceVersionDate "2021.10.06"]
[SourceQuality "1"]

1. d4 d5 2. c4 c6 3. Nc3 Nf6 4. Bg5 Nbd7 5. Nf3 h6 6. Bxf6 Nxf6 7. e3 e6 8. Bd3 Bb4 9. O-O Bxc3 10. bxc3 O-O 11. cxd5 Nxd5 12. Qd2 Qa5 13. Rac1 b5 14. e4 Nf6 15. h3 Rd8 16. Rfe1 Bb7 17. Qc2 Rac8 18. Re3 c5 19. dxc5 Rxc5 20. Kh1 b4 21. c4 Rdc8 22. Qb3 Nh5 23. g3 f5 24. exf5 exf5 25. Be2 f4 26. gxf4 Nxf4 27. Kh2 Nxe2 28. Rxe2 Bxf3 29. Qxf3 Qc7+ 30. Qg3 Qxg3+ 31. fxg3 Rxc4 32. Rxc4 Rxc4 33. h4 Kf7 34. Rf2+ Ke6 35. Re2+ Kd5 36. Rd2+ Rd4 37. Rxd4+ Kxd4 38. Kg2 Ke3 39. h5 a5 40. g4 a4 41. Kf1 b3 42. axb3 axb3 43. Kg2 Kf4 44. Kh3 b2 45. Kg2 b1=Q 46. Kf2 Qc2+ 47. Kg1 Kg3 48. Kf1 Qf2# 0-1

[Event "Scarborough CC Spring Into Summer U1700"]
[Site "Toronto CAN"]
[Date "2011.05.12"]
[Round "2"]
[White "Karpik, Steve"]
[Black "Dattani, Dinesh"]
[Result "1/2-1/2"]
[WhiteElo "1482"]
[BlackElo "1379"]
[PlyCount "68"]
[GameId "2160767909704794"]
[EventDate "2011.04.28"]
[EventType "swiss"]
[EventRounds "9"]
[EventCountry "CAN"]
[SourceTitle "EXT 2022"]
[Source "ChessBase"]
[SourceDate "2021.10.06"]
[SourceVersion "1"]
[SourceVersionDate "2021.10.06"]
[SourceQuality "1"]

1. Nf3 Nf6 2. c4 g6 3. Nc3 c5 4. g3 Bg7 5. Bg2 O-O 6. d3 Nc6 7. Bd2 d6 8. O-O Bd7 9. Qc1 Rc8 10. a3 a6 11. Bh6 Na7 12. Bxg7 Kxg7 13. Nh4 Bc6 14. e4 b5 15. b3 Ng4 16. Bh3 Bd7 17. Bxg4 Bxg4 18. Qb2 Kg8 19. Qd2 bxc4 20. bxc4 Nc6 21. Qg5 Bh3 22. Rfd1 e5 23. Qh6 Qf6 24. Nxg6 Bg4 25. Nd5 Qxg6 26. Nf6+ Kh8 27. Qxg6 fxg6 28. Nxg4 Rf3 29. Rab1 Rcf8 30. Rd2 Nd4 31. h4 Rxg3+ 32. fxg3 Nf3+ 33. Kg2 Nxd2 34. Rd1 Nb3 1/2-1/2

[Event "Scarborough CC Spring Into Summer U1700"]
[Site "Toronto CAN"]
[Date "2011.05.12"]
[Round "2"]
[White "Krishnakumar, Agahash"]
[Black "Cui, Gordon"]
[Result "0-1"]
[WhiteElo "688"]
[BlackElo "1264"]
[PlyCount "60"]
[GameId "2160767909704795"]
[EventDate "2011.04.28"]
[EventType "swiss"]
[EventRounds "9"]
[EventCountry "CAN"]
[SourceTitle "EXT 2022"]
[Source "ChessBase"]
[SourceDate "2021.10.06"]
[SourceVersion "1"]
[SourceVersionDate "2021.10.06"]
[SourceQuality "1"]

1. d4 d5 2. e3 Nf6 3. c4 dxc4 4. Bxc4 e6 5. Nf3 c5 6. Qa4+ Bd7 7. Qb3 Bc6 8. Nbd2 Be7 9. Bd3 O-O 10. O-O b6 11. Ne5 Bb7 12. Ndc4 cxd4 13. e4 Nxe4 14. Bxe4 Bxe4 15. f3 Bd5 16. Rd1 Bf6 17. f4 Nc6 18. Nxc6 Bxc6 19. Bd2 Qd5 20. Qg3 Qxc4 21. Rdc1 Qd5 22. Bb4 Rad8 23. Re1 d3 24. Rad1 Qd4+ 25. Qe3 Qxb4 26. Rc1 Bd4 27. Qxd4 Qxd4+ 28. Kf1 d2 29. Rxc6 Qg1+ 30. Kxg1 dxe1=Q# 0-1

[Event "Scarborough CC Spring Into Summer U1700"]
[Site "Toronto CAN"]
[Date "2011.05.12"]
[Round "2"]
[White "Liang, Phillip"]
[Black "Philip, Andrew"]
[Result "0-1"]
[WhiteElo "1284"]
[BlackElo "1596"]
[PlyCount "120"]
[GameId "2160767909704796"]
[EventDate "2011.04.28"]
[EventType "swiss"]
[EventRounds "9"]
[EventCountry "CAN"]
[SourceTitle "EXT 2022"]
[Source "ChessBase"]
[SourceDate "2021.10.06"]
[SourceVersion "1"]
[SourceVersionDate "2021.10.06"]
[SourceQuality "1"]

1. e4 d5 2. exd5 Qxd5 3. Nc3 Qd6 4. d4 Nf6 5. Nf3 c6 6. Bc4 Bg4 7. Be3 e6 8. h3 Bxf3 9. Qxf3 Nbd7 10. O-O-O Nb6 11. Bf4 Qd7 12. Bb3 Bd6 13. Be5 Qe7 14. Qg3 Bxe5 15. dxe5 Nh5 16. Qg4 g6 17. h4 Nd5 18. Ne4 O-O-O 19. Bxd5 cxd5 20. Nd6+ Kb8 21. Rd3 Ng7 22. Rhh3 Rd7 23. Rb3 Rxd6 24. exd6 Qxd6 25. Qd4 e5 26. Qb4 Qa6 27. Rhd3 Nf5 28. Rxd5 Nd4 29. Rd3 Rc8 30. Rc5 Nc6 31. Qd2 Qxa2 32. Ra3 Qe6 33. Rd5 Nd4 34. Qa5 Nc6 35. Qc5 b6 36. Qd6+ Qxd6 37. Rxd6 Nd4 38. Rc3 Ne2+ 39. Kd2 Nxc3 40. bxc3 Rc7 41. Kd3 Kc8 42. Rf6 Kd8 43. g4 Ke7 44. Rf3 a5 45. Re3 Kd6 46. c4 a4 47. Re1 a3 48. Ra1 Ra7 49. Ra2 f5 50. gxf5 gxf5 51. Kc3 Kc5 52. Kb3 e4 53. Rxa3 Rxa3+ 54. Kxa3 f4 55. Kb2 Kd4 56. Kc1 e3 57. Kd1 Kxc4 58. fxe3 fxe3 59. Ke2 Kc3 60. h5 b5 0-1

[Event "Scarborough CC Spring Into Summer U1700"]
[Site "Toronto CAN"]
[Date "2011.05.12"]
[Round "2"]
[White "Liao, Jacky"]
[Black "Thanabalachandran, Kajan"]
[Result "0-1"]
[WhiteElo "1222"]
[BlackElo "1599"]
[PlyCount "44"]
[GameId "2160767909704797"]
[EventDate "2011.04.28"]
[EventType "swiss"]
[EventRounds "9"]
[EventCountry "CAN"]
[SourceTitle "EXT 2022"]
[Source "ChessBase"]
[SourceDate "2021.10.06"]
[SourceVersion "1"]
[SourceVersionDate "2021.10.06"]
[SourceQuality "1"]

1. e4 c5 2. Nf3 Nc6 3. c3 d6 4. Bb5 Bd7 5. d4 cxd4 6. cxd4 Qa5+ 7. Nc3 Nf6 8. Bd2 a6 9. Nd5 Qd8 10. Nxf6+ gxf6 11. Bc4 Qb6 12. Bc3 Na5 13. Be2 Bh6 14. O-O Rg8 15. Kh1 Bb5 16. e5 fxe5 17. dxe5 Nc4 18. a4 Nxb2 19. Bxb2 Bc6 20. Bd4 Bxf3 21. Bxb6 Bxg2+ 22. Kg1 Bf3# 0-1

[Event "Scarborough CC Spring Into Summer U1700"]
[Site "Toronto CAN"]
[Date "2011.05.12"]
[Round "2"]
[White "Palakkal, Anirudh"]
[Black "Lin, Benjamin1"]
[Result "0-1"]
[WhiteElo "827"]
[BlackElo "1138"]
[PlyCount "36"]
[GameId "2160767909704798"]
[EventDate "2011.04.28"]
[EventType "swiss"]
[EventRounds "9"]
[EventCountry "CAN"]
[SourceTitle "EXT 2022"]
[Source "ChessBase"]
[SourceDate "2021.10.06"]
[SourceVersion "1"]
[SourceVersionDate "2021.10.06"]
[SourceQuality "1"]

1. d4 d5 2. e3 Nf6 3. f3 Bf5 4. Ne2 Nc6 5. Bd2 e6 6. Bc3 Bd6 7. g3 O-O 8. g4 Bg6 9. Bd2 Qd7 10. Bg2 Rfe8 11. Nbc3 Nb4 12. O-O Nxc2 13. Rc1 Nb4 14. e4 dxe4 15. fxe4 Nxg4 16. a3 Nc6 17. Bf4 Bxf4 18. Nxf4 Ne3 0-1

[Event "Scarborough CC Spring Into Summer U1700"]
[Site "Toronto CAN"]
[Date "2011.05.12"]
[Round "2"]
[White "Song, Eric"]
[Black "Graham, John"]
[Result "1-0"]
[WhiteElo "1488"]
[BlackElo "1402"]
[PlyCount "25"]
[GameId "2160767909704800"]
[EventDate "2011.04.28"]
[EventType "swiss"]
[EventRounds "9"]
[EventCountry "CAN"]
[SourceTitle "EXT 2022"]
[Source "ChessBase"]
[SourceDate "2021.10.06"]
[SourceVersion "1"]
[SourceVersionDate "2021.10.06"]
[SourceQuality "1"]

1. e4 e5 2. Nf3 Nc6 3. Bb5 d6 4. h3 Bd7 5. O-O Nge7 6. Re1 a6 7. Ba4 Ng6 8. d3 h6 9. Nc3 Nh4 10. Be3 g5 11. Nxh4 gxh4 12. Nd5 Ne7 13. Nf6# 1-0

[Event "Scarborough CC Spring Into Summer U1700"]
[Site "Toronto CAN"]
[Date "2011.05.12"]
[Round "2"]
[White "Souchko, Larissa"]
[Black "Patel, Shivkumar"]
[Result "1-0"]
[WhiteElo "1151"]
[BlackElo "865"]
[PlyCount "52"]
[GameId "2160767909704801"]
[EventDate "2011.04.28"]
[EventType "swiss"]
[EventRounds "9"]
[EventCountry "CAN"]
[SourceTitle "EXT 2022"]
[Source "ChessBase"]
[SourceDate "2021.10.06"]
[SourceVersion "1"]
[SourceVersionDate "2021.10.06"]
[SourceQuality "1"]

1. e4 d5 2. exd5 Qxd5 3. Nc3 Qe5+ 4. Qe2 Qd6 5. Nf3 Nc6 6. Ne4 Qh6 7. d3 Nb4 8. Bxh6 gxh6 9. c3 Nd5 10. Qd2 h5 11. d4 Bd7 12. Bc4 Bc6 13. O-O Nb6 14. Bb3 Bxe4 15. Bxf7+ Kxf7 16. Qf4+ Nf6 17. Ng5+ Kg6 18. Nxe4 Bh6 19. Qg3+ Kf5 20. Nxf6 Kxf6 21. Rfe1 Rhg8 22. Qe5+ Kf7 23. Qe6+ Kf8 24. Qxh6+ Rg7 25. Qxh5 Rf7 26. Qe5 Re8 1-0

[Event "Scarborough CC Spring Into Summer U1700"]
[Site "Toronto CAN"]
[Date "2011.05.12"]
[Round "2"]
[White "Termeer, Ted"]
[Black "Smith, Maurice"]
[Result "0-1"]
[WhiteElo "1404"]
[BlackElo "1577"]
[PlyCount "138"]
[GameId "2160767909704802"]
[EventDate "2011.04.28"]
[EventType "swiss"]
[EventRounds "9"]
[EventCountry "CAN"]
[SourceTitle "EXT 2022"]
[Source "ChessBase"]
[SourceDate "2021.10.06"]
[SourceVersion "1"]
[SourceVersionDate "2021.10.06"]
[SourceQuality "1"]

1. Nf3 d5 2. d4 c5 3. e3 Nf6 4. Be2 Nc6 5. O-O e6 6. Nc3 Bd7 7. b3 Rc8 8. Na4 cxd4 9. exd4 Bd6 10. Bd3 O-O 11. Be3 Nb4 12. a3 Nxd3 13. cxd3 Bxa4 14. bxa4 b6 15. Qb3 Qd7 16. Rac1 Rxc1 17. Rxc1 Rc8 18. g3 Rxc1+ 19. Bxc1 Qc7 20. Bd2 Nd7 21. Bb4 Nb8 22. Kg2 f6 23. Bd2 Nc6 24. Bc3 Qe7 25. Bb2 Kf7 26. Nd2 Qc7 27. Bc3 Ne7 28. Bb4 Nf5 29. Nf3 Qc6 30. Bc3 Qe8 31. Bb4 Qe7 32. Qc3 Qc7 33. Qb3 Bxb4 34. axb4 Qc6 35. b5 Qc1 36. h3 Qc7 37. Kh2 h5 38. Kg2 g5 39. g4 hxg4 40. hxg4 Nh6 41. Nh2 Qf4 42. Qc3 Nxg4 43. Nxg4 Qxg4+ 44. Kf1 Qd1+ 45. Kg2 Qxa4 46. Qc7+ Kg6 47. Qc6 Qxd4 48. Qxe6 Qe5 49. Qg8+ Kf5 50. Qh7+ Kf4 51. Qh2+ Kf5 52. Qh3+ Kg6 53. Qh8 Qe6 54. Qb8 Qg4+ 55. Kf1 Qf4 56. Qg8+ Kh5 57. Qxd5 Qc1+ 58. Kg2 Qc7 59. f3 Qc2+ 60. Kg3 Qc7+ 61. Kf2 Qc5+ 62. Qxc5 bxc5 63. Kg3 f5 64. Kh3 f4 65. Kg2 g4 66. fxg4+ Kxg4 67. Kf2 f3 68. Kg1 Kg3 69. Kf1 f2 0-1

[Event "Scarborough CC Spring Into Summer U1700"]
[Site "Toronto CAN"]
[Date "2011.05.12"]
[Round "2"]
[White "Thanabalachandran, Luxiga"]
[Black "Arjavkumar, Joshi"]
[Result "1-0"]
[WhiteElo "838"]
[BlackElo "1100"]
[PlyCount "33"]
[GameId "2160767909704803"]
[EventDate "2011.04.28"]
[EventType "swiss"]
[EventRounds "9"]
[EventCountry "CAN"]
[SourceTitle "EXT 2022"]
[Source "ChessBase"]
[SourceDate "2021.10.06"]
[SourceVersion "1"]
[SourceVersionDate "2021.10.06"]
[SourceQuality "1"]

1. e4 e5 2. Nf3 Nc6 3. Nc3 Nf6 4. Be2 Bb4 5. d3 O-O 6. Bg5 h6 7. Bh4 d6 8. O-O Bg4 9. Nd5 g5 10. Nxg5 hxg5 11. Bxg5 Bxe2 12. Qxe2 Nd4 13. Qg4 Qb8 14. Nxf6+ Kg7 15. Bh4+ Kh8 16. Qh5+ Kg7 17. Qh7# 1-0

[Event "Scarborough CC Spring Into Summer U1700"]
[Site "Toronto CAN"]
[Date "2011.05.12"]
[Round "2"]
[White "Wu, Mark"]
[Black "Vyravanathan, Sobiga"]
[Result "0-1"]
[WhiteElo "1052"]
[BlackElo "1321"]
[PlyCount "52"]
[GameId "2160767909704806"]
[EventDate "2011.04.28"]
[EventType "swiss"]
[EventRounds "9"]
[EventCountry "CAN"]
[SourceTitle "EXT 2022"]
[Source "ChessBase"]
[SourceDate "2021.10.06"]
[SourceVersion "1"]
[SourceVersionDate "2021.10.06"]
[SourceQuality "1"]

1. e4 c5 2. Nf3 Nc6 3. d4 cxd4 4. Nxd4 Nf6 5. Nc3 d6 6. Bd3 Nxd4 7. O-O Bg4 8. f3 Bh5 9. Be3 Nc6 10. Nd5 e6 11. Nxf6+ Qxf6 12. Re1 a6 13. Be2 Be7 14. c3 Rd8 15. Bb6 Rd7 16. Bd4 Nxd4 17. cxd4 O-O 18. Qa4 Rdd8 19. Qb4 d5 20. Qxb7 Qxd4+ 21. Kf1 Bf6 22. Qxa6 dxe4 23. Rab1 exf3 24. gxf3 Qh4 25. Kg1 Bd4+ 26. Kf1 Qh3# 0-1

[Event "Scarborough CC Spring Into Summer U1700"]
[Site "Toronto CAN"]
[Date "2011.05.12"]
[Round "2"]
[White "Xiao, Jerry"]
[Black "Pishdad, Hassan"]
[Result "0-1"]
[WhiteElo "930"]
[BlackElo "1270"]
[PlyCount "88"]
[GameId "2160767909704807"]
[EventDate "2011.04.28"]
[EventType "swiss"]
[EventRounds "9"]
[EventCountry "CAN"]
[SourceTitle "EXT 2022"]
[Source "ChessBase"]
[SourceDate "2021.10.06"]
[SourceVersion "1"]
[SourceVersionDate "2021.10.06"]
[SourceQuality "1"]

1. e4 c5 2. Nf3 e6 3. Be2 Nc6 4. c3 d5 5. exd5 exd5 6. d4 c4 7. O-O Be7 8. Nbd2 Nf6 9. b3 b5 10. bxc4 bxc4 11. Ne5 Nxe5 12. dxe5 Nd7 13. Nf3 O-O 14. Qxd5 Nb6 15. Qb5 a6 16. Qc6 Be6 17. Be3 Rb8 18. Rfd1 Bd5 19. Rxd5 Qxd5 20. Qxd5 Nxd5 21. Nd4 Rfc8 22. Bg4 Re8 23. e6 f6 24. Nc6 Rb7 25. Bf3 Nxc3 26. Bd2 Nxa2 27. h3 c3 28. Rxa2 Rb1+ 29. Kh2 cxd2 30. Rxd2 Re1 31. Bh5 g6 32. Be2 Kf8 33. Bc4 f5 34. Ne5 Rxe5 35. f4 Re4 36. Rc2 Rc8 37. Bd3 Rxc2 38. Bxc2 Rxf4 39. Bd3 a5 40. g3 Rd4 41. Bb5 a4 42. g4 a3 43. gxf5 gxf5 44. Kg3 a2 0-1

[Event "Scarborough CC Spring Into Summer U1700"]
[Site "Toronto CAN"]
[Date "2011.05.12"]
[Round "2"]
[White "Yie, Kevin Yi Xiao"]
[Black "Liu, Peter"]
[Result "1-0"]
[WhiteElo "1460"]
[BlackElo "1332"]
[PlyCount "121"]
[GameId "2160767909704808"]
[EventDate "2011.04.28"]
[EventType "swiss"]
[EventRounds "9"]
[EventCountry "CAN"]
[SourceTitle "EXT 2022"]
[Source "ChessBase"]
[SourceDate "2021.10.06"]
[SourceVersion "1"]
[SourceVersionDate "2021.10.06"]
[SourceQuality "1"]

1. d4 Nf6 2. Nf3 d6 3. Bf4 g6 4. e3 Bg7 5. Be2 O-O 6. Nbd2 Nc6 7. c3 Nh5 8. Bg5 Nf6 9. Qc2 d5 10. O-O Bf5 11. Qb3 Na5 12. Qa4 b6 13. Ne5 Qd6 14. f4 Ne4 15. Nxe4 Bxe4 16. Bh4 f6 17. Nf3 Qe6 18. Bf2 c6 19. Nd2 Bh6 20. Nxe4 Qxe4 21. Bf3 Qf5 22. b4 Nc4 23. Qxc6 Nd2 24. Qxd5+ e6 25. Qxf5 Nxf3+ 26. gxf3 exf5 27. c4 Rfc8 28. c5 Bf8 29. Rab1 Rab8 30. Bh4 Be7 31. e4 g5 32. fxg5 fxg5 33. Bg3 f4 34. Bf2 h5 35. Rfc1 b5 36. d5 Kf7 37. e5 g4 38. fxg4 hxg4 39. d6 Bg5 40. Rc2 Ke6 41. Bd4 Bh4 42. c6 Rg8 43. d7 Rbd8 44. Bxa7 g3 45. Bb6 gxh2+ 46. Kh1 f3 47. Bxd8 f2 48. Kxh2 Bg3+ 49. Kh1 Bxe5 50. c7 Rh8+ 51. Kg2 Rh2+ 52. Kf3 Rh3+ 53. Kxf2 Bd4+ 54. Kg2 Rh8 55. c8=Q Rg8+ 56. Kf3 Rf8+ 57. Ke4 Bb6 58. Qc6+ Kf7 59. Rf1+ Kg7 60. Rg2+ Kh8 61. Rh1# 1-0

[Event "Scarborough CC Spring Into Summer U1700"]
[Site "Toronto CAN"]
[Date "2011.05.12"]
[Round "2"]
[White "Yu, Tianxi"]
[Black "Kurkowski, Ken"]
[Result "0-1"]
[WhiteElo "1039"]
[BlackElo "1516"]
[PlyCount "68"]
[GameId "2160767909704809"]
[EventDate "2011.04.28"]
[EventType "swiss"]
[EventRounds "9"]
[EventCountry "CAN"]
[SourceTitle "EXT 2022"]
[Source "ChessBase"]
[SourceDate "2021.10.06"]
[SourceVersion "1"]
[SourceVersionDate "2021.10.06"]
[SourceQuality "1"]

1. e4 e6 2. d4 d5 3. Bd3 Nf6 4. e5 Nfd7 5. a3 c5 6. c3 Nc6 7. Nf3 Be7 8. Bf4 Qb6 9. b4 cxd4 10. cxd4 Nxd4 11. Nxd4 Qxd4 12. Ra2 Qxf4 13. Qe2 Qxe5 14. Qxe5 Nxe5 15. Bb5+ Bd7 16. Be2 O-O 17. Nc3 Rac8 18. Nd1 Rc7 19. O-O Rfc8 20. Ne3 a6 21. Bd1 Bb5 22. Re1 Nd3 23. Ree2 Nc1 24. Rad2 Nxe2+ 25. Rxe2 Bxe2 26. Bxe2 Rc1+ 27. Bf1 Ra1 28. h3 Rcc1 29. g3 Bg5 30. f4 d4 31. h4 dxe3 32. hxg5 e2 33. Kh2 exf1=Q 34. a4 Qh1# 0-1

[Event "Scarborough CC Spring Into Summer U1700"]
[Site "Toronto CAN"]
[Date "2011.05.12"]
[Round "2"]
[White "Zhao, Harry"]
[Black "Teram, Eli"]
[Result "1-0"]
[WhiteElo "1469"]
[BlackElo "1213"]
[PlyCount "45"]
[GameId "2160767909704810"]
[EventDate "2011.04.28"]
[EventType "swiss"]
[EventRounds "9"]
[EventCountry "CAN"]
[SourceTitle "EXT 2022"]
[Source "ChessBase"]
[SourceDate "2021.10.06"]
[SourceVersion "1"]
[SourceVersionDate "2021.10.06"]
[SourceQuality "1"]

1. e4 e5 2. Nf3 Nc6 3. Bc4 h6 4. Nc3 Bc5 5. O-O d6 6. h3 Nge7 7. d3 O-O 8. Qe2 Ng6 9. Be3 Nf4 10. Bxf4 exf4 11. Qd2 Qf6 12. Nd5 Qg6 13. Kh1 f5 14. Ne7+ Kh7 15. Nxg6 Kxg6 16. exf5+ Kxf5 17. d4 Bb4 18. Bd3+ Ke6 19. Rfe1+ Kd7 20. c3 Ba5 21. Qe2 Kd8 22. Bb5 Bd7 23. Bxc6 1-0

[Event "Scarborough CC Spring Into Summer U1700"]
[Site "Toronto CAN"]
[Date "2011.05.12"]
[Round "2"]
[White "Zhao, Yanchun"]
[Black "Tismenko, Dennis"]
[Result "0-1"]
[WhiteElo "1148"]
[BlackElo "1448"]
[PlyCount "114"]
[GameId "2160767909704811"]
[EventDate "2011.04.28"]
[EventType "swiss"]
[EventRounds "9"]
[EventCountry "CAN"]
[SourceTitle "EXT 2022"]
[Source "ChessBase"]
[SourceDate "2021.10.06"]
[SourceVersion "1"]
[SourceVersionDate "2021.10.06"]
[SourceQuality "1"]

1. e4 c5 2. c3 Nc6 3. Nf3 d6 4. d4 cxd4 5. cxd4 e6 6. Nc3 Nf6 7. Bd3 g6 8. Bg5 h6 9. Bh4 g5 10. Bg3 Nh5 11. d5 Nxg3 12. hxg3 exd5 13. exd5 Qe7+ 14. Qe2 Qxe2+ 15. Bxe2 Ne5 16. Bb5+ Bd7 17. Nxe5 dxe5 18. Bxd7+ Kxd7 19. a3 Bc5 20. Ne4 Bd4 21. Rb1 f5 22. Nc3 Kd6 23. Rd1 a6 24. Rf1 Rac8 25. f4 Bxc3+ 26. bxc3 Rxc3 27. fxg5 hxg5 28. Rxf5 Rxg3 29. Kf2 Rg4 30. Rf6+ Kc5 31. d6 Rf4+ 32. Rxf4 gxf4 33. d7 Rd8 34. Kf3 Kc6 35. Ke4 Rxd7 36. Rxd7 Kxd7 37. Kxe5 b5 38. Kxf4 Ke6 39. Ke4 a5 40. Kd4 b4 41. a4 Kf5 42. Kc4 Kg4 43. Kb3 Kg3 44. Kb2 Kxg2 45. Kb3 Kf3 46. Kc4 Ke4 47. Kb3 Kd3 48. Kb2 Kc4 49. Kc2 b3+ 50. Kb2 Kb4 51. Kb1 Kxa4 52. Kb2 Kb4 53. Kb1 Kc3 54. Kc1 b2+ 55. Kb1 a4 56. Ka2 Kc2 57. Ka3 b1=Q 0-1

[Event "Scarborough CC Spring Into Summer U1700"]
[Site "Toronto CAN"]
[Date "2011.05.19"]
[Round "3"]
[White "Aghamalian, Leonid"]
[Black "Aghamalian, Derick"]
[Result "0-1"]
[WhiteElo "1484"]
[BlackElo "1577"]
[PlyCount "117"]
[GameId "2160767909704812"]
[EventDate "2011.04.28"]
[EventType "swiss"]
[EventRounds "9"]
[EventCountry "CAN"]
[SourceTitle "EXT 2022"]
[Source "ChessBase"]
[SourceDate "2021.10.06"]
[SourceVersion "1"]
[SourceVersionDate "2021.10.06"]
[SourceQuality "1"]

1. d4 d5 2. c4 e6 3. Nc3 Nf6 4. Bg5 Nbd7 5. cxd5 exd5 6. Qb3 c6 7. Nf3 Be7 8. g3 h6 9. Bd2 Qb6 10. Qc2 Nf8 11. Bg2 Ne6 12. e3 Bd7 13. O-O O-O 14. Ne5 Rfe8 15. Rfc1 Bd6 16. Nxd7 Nxd7 17. Na4 Qd8 18. Qb3 b5 19. Nc3 Rc8 20. Qd1 Nf6 21. Rc2 Qb6 22. Rac1 Qb7 23. Qe2 a6 24. a3 Nxd4 25. Qd1 Nxc2 26. Qxc2 Rc7 27. Na2 Nd7 28. Qd1 Ne5 29. Rc3 Nc4 30. Rc2 Be5 31. Qg4 Qc8 32. Qxc8 Rcxc8 33. Bc3 Bxc3 34. Nxc3 a5 35. Ne2 a4 36. Nd4 Re5 37. Bh3 Rc7 38. Nf3 Ree7 39. Nd4 Re8 40. Nf5 Kh7 41. Nd4 Rb8 42. Bf1 g6 43. Nf3 Kg7 44. Nd4 Kf6 45. Kg2 Re8 46. Bd3 h5 47. h4 Rb8 48. Nf3 Ne5 49. Ne1 c5 50. Be2 c4 51. Bf3 Nxf3 52. Nxf3 b4 53. Nd4 bxa3 54. bxa3 Rb3 55. Nxb3 axb3 56. Rb2 c3 57. Rb1 c2 58. Rxb3 c1=Q 59. Rb6+ 0-1

[Event "Scarborough CC Spring Into Summer U1700"]
[Site "Toronto CAN"]
[Date "2011.05.19"]
[Round "3"]
[White "Cui, Gordon"]
[Black "Zhao, Harry"]
[Result "1-0"]
[WhiteElo "1264"]
[BlackElo "1469"]
[PlyCount "101"]
[GameId "2160767909704813"]
[EventDate "2011.04.28"]
[EventType "swiss"]
[EventRounds "9"]
[EventCountry "CAN"]
[SourceTitle "EXT 2022"]
[Source "ChessBase"]
[SourceDate "2021.10.06"]
[SourceVersion "1"]
[SourceVersionDate "2021.10.06"]
[SourceQuality "1"]

1. e4 c5 2. Nf3 Nc6 3. d4 cxd4 4. Nxd4 Nf6 5. Nc3 e6 6. Bg5 Be7 7. Nxc6 bxc6 8. Qd4 Qb6 9. O-O-O Qxd4 10. Rxd4 O-O 11. e5 Bc5 12. Rc4 Ba6 13. Rxc5 Bxf1 14. exf6 Bxg2 15. Rg1 Bh3 16. fxg7 Rfc8 17. Bh6 Rab8 18. Ne4 f5 19. Nf6+ Kf7 20. g8=Q+ Rxg8 21. Nxg8 Bg4 22. h3 Bxh3 23. Rg7+ Ke8 24. Nf6+ Kd8 25. Rg8+ Kc7 26. Rxb8 Kxb8 27. Nxd7+ Kc7 28. Nf8 Kb6 29. Nxe6 f4 30. Re5 f3 31. Ng5 Bg2 32. Re1 Kc5 33. Rg1 Kd5 34. Kd2 Kd4 35. Bg7+ Kc4 36. Ke3 a5 37. Nxf3 Bh3 38. Ne5+ Kc5 39. Rg5 Be6 40. a3 Kd6 41. f4 Bg8 42. Bf8+ Kd5 43. Rxg8 h5 44. Rh8 Ke6 45. Rxh5 Kd5 46. Nd3+ Ke6 47. f5+ Kf6 48. Ke4 Kf7 49. Bc5 Kf6 50. Rh6+ Kf7 51. f6 1-0

[Event "Scarborough CC Spring Into Summer U1700"]
[Site "Toronto CAN"]
[Date "2011.05.19"]
[Round "3"]
[White "Feng, Richard"]
[Black "Liao, Jacky"]
[Result "0-1"]
[WhiteElo "1021"]
[BlackElo "1222"]
[PlyCount "64"]
[GameId "2160767909704815"]
[EventDate "2011.04.28"]
[EventType "swiss"]
[EventRounds "9"]
[EventCountry "CAN"]
[SourceTitle "EXT 2022"]
[Source "ChessBase"]
[SourceDate "2021.10.06"]
[SourceVersion "1"]
[SourceVersionDate "2021.10.06"]
[SourceQuality "1"]

1. e4 d6 2. Nf3 Nf6 3. Nc3 g6 4. d4 Bg7 5. Bd3 O-O 6. O-O Nbd7 7. h3 c5 8. d5 a6 9. Bg5 b5 10. Qd2 Re8 11. Rfe1 Qc7 12. b3 Nb6 13. a3 c4 14. bxc4 Nxc4 15. Bxc4 Qxc4 16. Re3 Nxe4 17. Rxe4 Qxc3 18. Qc1 Qxa1 19. Qxa1 Bxa1 20. Bxe7 Bf5 21. Re2 Bf6 22. g3 Rxe7 23. Rxe7 Bxe7 24. Nh4 Bxh4 25. gxh4 Bxc2 26. f4 Re8 27. Kf2 Bd3 28. Kf3 f5 29. Kg3 h5 30. Kf3 Re2 31. Kg3 Be4 32. a4 Rg2# 0-1

[Event "Scarborough CC Spring Into Summer U1700"]
[Site "Toronto CAN"]
[Date "2011.05.19"]
[Round "3"]
[White "Graham, John"]
[Black "Souchko, Larissa"]
[Result "1-0"]
[WhiteElo "1402"]
[BlackElo "1151"]
[PlyCount "101"]
[GameId "2160767909704816"]
[EventDate "2011.04.28"]
[EventType "swiss"]
[EventRounds "9"]
[EventCountry "CAN"]
[SourceTitle "EXT 2022"]
[Source "ChessBase"]
[SourceDate "2021.10.06"]
[SourceVersion "1"]
[SourceVersionDate "2021.10.06"]
[SourceQuality "1"]

1. e4 c5 2. Nc3 Nc6 3. Nf3 e5 4. Bc4 Nf6 5. O-O Nd4 6. d3 a6 7. a4 d6 8. Ng5 Be6 9. Nxe6 fxe6 10. Ne2 Nxe2+ 11. Qxe2 d5 12. exd5 exd5 13. Qxe5+ Be7 14. Bb3 Kf7 15. Re1 Re8 16. Qf5 Qd6 17. Bf4 g6 18. Bxd6 gxf5 19. Be5 Rad8 20. Re2 Bd6 21. f4 Bxe5 22. fxe5 Ng4 23. Rae1 Re6 24. h3 Nh6 25. c3 Kg6 26. a5 Nf7 27. Kh2 h5 28. d4 c4 29. Bc2 h4 30. Rf2 Nh6 31. Ref1 Rf8 32. Rf4 Kg5 33. Ba4 b5 34. axb6 Rxb6 35. Bd7 Rxb2 36. e6 Ng8 37. Rg4+ fxg4 38. Rxf8 g3+ 39. Kg1 Rb1+ 40. Rf1 Rxf1+ 41. Kxf1 Ne7 42. Ke2 Kf4 43. Be8 a5 44. Bd7 Ke4 45. Ba4 Kf5 46. Bd7 a4 47. Bxa4 Kxe6 48. Kf3 Kf5 49. Bd7+ Kg5 50. Be6 Ng6 51. Bxd5 1-0